Modern control systems. (13th edition) (Record no. 62485)

MARC details
000 -LEADER
fixed length control field 02421nam a2200373 a 4500
001 - CONTROL NUMBER
control field 020766688
008 - FIXED-LENGTH DATA ELEMENTS--GENERAL INFORMATION
fixed length control field 190711s2017 ||||||||||||||||| || u
020 ## - INTERNATIONAL STANDARD BOOK NUMBER
International Standard Book Number 9781292152974
050 ## - LIBRARY OF CONGRESS CALL NUMBER
Classification number QA 402.3 Dor
100 ## - MAIN ENTRY--PERSONAL NAME
Personal name Dorf, Richard C
245 10 - TITLE STATEMENT
Title Modern control systems. (13th edition)
Statement of responsibility, etc. By Richard C. Dorf ; Robert H. Bishop.
250 ## - EDITION STATEMENT
Edition statement 13th edition
260 ## - PUBLICATION, DISTRIBUTION, ETC.
Place of publication, distribution, etc. Harlow
Name of publisher, distributor, etc. Pearson
Date of publication, distribution, etc. 2017
260 ## - PUBLICATION, DISTRIBUTION, ETC.
Place of publication, distribution, etc. Harlow
Name of publisher, distributor, etc. Pearson Education Limited
Date of publication, distribution, etc. 2017
300 ## - PHYSICAL DESCRIPTION
Extent 1025 pages : illustrations
336 ## - CONTENT TYPE
Content type term text
Source rdacontent
337 ## - MEDIA TYPE
Media type term unmediated
Source rdamedia
338 ## - CARRIER TYPE
Carrier type term volume
Source rdacarrier
350 ## - PRICE (NR) (BK AM CF MU VM SE) [OBSOLETE]
Price 46.91
500 ## - GENERAL NOTE
General note Includes bibliographical references and index.
650 #0 - SUBJECT ADDED ENTRY--TOPICAL TERM
Topical term or geographic name entry element CONTROL THEORY--TEXTBOOKS
650 #0 - SUBJECT ADDED ENTRY--TOPICAL TERM
Topical term or geographic name entry element FEEDBACK CONTROL SYSTEMS--TEXTBOOKS
700 ## - ADDED ENTRY--PERSONAL NAME
Personal name Bishop, Robert H
995 ## - RECOMMENDATION 995 [LOCAL, UNIMARC FRANCE]
-- CBU-MAIN LIBRARY (Kitwe)
-- 46.91
-- 2
-- AVAILABLE
-- Jul 11, 2019
-- Main Library Open Access Collection
995 ## - RECOMMENDATION 995 [LOCAL, UNIMARC FRANCE]
-- CBU-MAIN LIBRARY (Kitwe)
-- 46.91
-- 3
-- AVAILABLE
-- Jul 11, 2019
-- Main Library Open Access Collection
995 ## - RECOMMENDATION 995 [LOCAL, UNIMARC FRANCE]
-- CBU-MAIN LIBRARY (Kitwe)
-- 46.91
-- 10
-- AVAILABLE
-- Nov 22, 2019
-- Main Library Open Access Collection
995 ## - RECOMMENDATION 995 [LOCAL, UNIMARC FRANCE]
-- CBU-MAIN LIBRARY (Kitwe)
-- 46.91
-- 4
-- AVAILABLE
-- Jul 11, 2019
-- Main Library Open Access Collection
995 ## - RECOMMENDATION 995 [LOCAL, UNIMARC FRANCE]
-- CBU-MAIN LIBRARY (Kitwe)
-- 46.91
-- 6
-- AVAILABLE
-- Nov 22, 2019
-- Main Library Open Access Collection
995 ## - RECOMMENDATION 995 [LOCAL, UNIMARC FRANCE]
-- CBU-MAIN LIBRARY (Kitwe)
-- 46.91
-- 1
-- AVAILABLE
-- Jul 11, 2019
-- Main Library Open Access Collection
995 ## - RECOMMENDATION 995 [LOCAL, UNIMARC FRANCE]
-- CBU-MAIN LIBRARY (Kitwe)
-- 46.91
-- 7
-- AVAILABLE
-- Nov 22, 2019
-- Main Library Open Access Collection
995 ## - RECOMMENDATION 995 [LOCAL, UNIMARC FRANCE]
-- CBU-MPIKA LIBRARY
-- 46.91
-- 8
-- AVAILABLE
-- Nov 22, 2019
-- Short Loan Collection
995 ## - RECOMMENDATION 995 [LOCAL, UNIMARC FRANCE]
-- CBU-MPIKA LIBRARY
-- 46.91
-- 9
-- AVAILABLE
-- Nov 22, 2019
-- Main Library Open Access Collection
995 ## - RECOMMENDATION 995 [LOCAL, UNIMARC FRANCE]
-- CBU-MPIKA LIBRARY
-- 46.91
-- 5
-- AVAILABLE
-- Nov 22, 2019
-- Short Loan Collection
Holdings
Withdrawn status Lost status Source of classification or shelving scheme Damaged status Not for loan Home library Current library Shelving location Date acquired Total Checkouts Full call number Barcode Date last seen Price effective from Koha item type Total Renewals Date due Date last checked out
          CBU-MAIN LIBRARY, KITWE. CBU-MAIN LIBRARY, KITWE.   11/30/2022   QA 402.3 Dor 749343 11/30/2022 11/30/2022 MONOGRAPH      
          CBU-MAIN LIBRARY, KITWE. CBU-MAIN LIBRARY, KITWE.   11/30/2022   QA 402.3 Dor 749344 11/30/2022 11/30/2022 MONOGRAPH      
          CBU-MAIN LIBRARY, KITWE. CBU-MAIN LIBRARY, KITWE.   11/30/2022   QA 402.3 Dor 750033 11/30/2022 11/30/2022 MONOGRAPH      
          CBU-MAIN LIBRARY, KITWE. CBU-MAIN LIBRARY, KITWE.   11/30/2022   QA 402.3 Dor 749345 11/30/2022 11/30/2022 MONOGRAPH      
          CBU-MAIN LIBRARY, KITWE. CBU-MAIN LIBRARY, KITWE.   11/30/2022 8 QA 402.3 Dor 750029 04/29/2026 11/30/2022 MONOGRAPH 2 08/31/2026 04/29/2026
          CBU-MAIN LIBRARY, KITWE. CBU-MAIN LIBRARY, KITWE.   11/30/2022   QA 402.3 Dor 749342 11/30/2022 11/30/2022 MONOGRAPH      
          CBU-MAIN LIBRARY, KITWE. CBU-MAIN LIBRARY, KITWE.   11/30/2022 1 QA 402.3 Dor 750030 01/17/2025 11/30/2022 MONOGRAPH     10/31/2024
          CBU-MPIKA LIBRARY, MPIKA CAMPUS. CBU-MAIN LIBRARY, KITWE.   11/30/2022 1 QA 402.3 Dor 750031 07/03/2025 11/30/2022 MONOGRAPH   07/17/2025 07/03/2025
          CBU-MPIKA LIBRARY, MPIKA CAMPUS. CBU-MPIKA LIBRARY, MPIKA CAMPUS.   11/30/2022   QA 402.3 Dor 750032 11/30/2022 11/30/2022 MONOGRAPH      
          CBU-MPIKA LIBRARY, MPIKA CAMPUS. CBU-MPIKA LIBRARY, MPIKA CAMPUS.   11/30/2022   QA 402.3 Dor 750028 11/30/2022 11/30/2022 MONOGRAPH